000 00463nam a2200169Ia 4500
003 GCL
008 140319s9999 xx 000 0 ara d
040 _aGCL /
_cGCL
082 0 4 _a820
_bس ت
100 1 _aسلامة موسى
245 1 0 _aالتجديد فى الادب الانجليزى الحديث /
_cسلامة موسى
300 _a96 ص
490 _a
650 0 4 _aالادب الانجليزى
650 0 4 _aتاريخ ونقد
942 _2ddc
_cBK
999 _c45562
_d45562